LEADER 01235nam a2200253 i 4500 001 000000236757 003 CaOOAMICUS 005 20191108122221.0 008 141230s1789 it u000 u ita u 013 $a215662 026 $ao.di o-o- a-lo "f"h (3) 1789 (R) 040 $aSeMil$bita 245 10$aVol. 2. in cui si risponde particolarmente all'autore delle Riflessioni etc. 264 1$c1789. 300 $a[2], XXIV, 248, 44 p. 500 $aSegn.: pg1 *-3*4 A-2M4 2N6 650 4$aPapato.$0(OLS)http://semarc/subject/786 773 0 $aGerdil, Giacinto Sigismondo <1718-1802>$tConfutazione di due libelli diretti contro il breve Super soliditate l'uno intitolato: La voce della verità &c. l'altro: Riflessioni sopra il Breve del sommo pontefice Pio Sesto, in cui si condanna il libro di Eybel: Che cosa è il papa? Vol. 1. [-2.].$d[S.l. : s.n.], 1789.$g2$w()5735 850 $aSeMil 852 $aSeMil$W1$xVenegono$y1$m3B V 18 FA$j187103$B187103$CSeMilBibl$Z2$F197907 $8I 961 $aOmaggio: Deposito 996 $6245$aVol. 2. in cui si risponde particolarmente all'autore delle Riflessioni etc$9(OLS)http://semarc/title/337383 996 $6264$a[S.l.] :$b[s.n.]$9(OLS)http://semarc/publisher/0 LEADER 01022nam a2200229 i 4500 001 000000170893 003 CaOOAMICUS 005 20230314123222.0 008 080410s2008 it u000 u mul u 020 $a978-88-04-57393-7 040 $aSeMil$bita 245 10$a1: Libri 1.-2. 264 1$a[Milano] :$bFondazione Lorenzo Valla :$bArnoldo Mondadori,$c2008. 300 $aCLXXXVI, 400 p. ;$c21 cm. 773 0 $aBeda : Venerabilis $tStoria degli inglesi.$d[Milano] : Fondazione Lorenzo Valla : Arnoldo Mondadori, 2008-2010.$kScrittori greci e latini$g1$w()7252 850 $aSeMil 852 $aSeMil$W1$xVenegono$y1$m1ZA A 64/1$j238891$B121776$CSeMilBibl$Z2$F133056 $81 961 $aSottoscrizione: Einaudi (Agente) 996 $6020$a978-88-04-57393-7$9(OLS)http://semarc/number/157927 996 $6245$a1: Libri 1.-2.$9(OLS)http://semarc/title/443112 996 $6264$a[Milano] :$bFondazione Lorenzo Valla :$bArnoldo Mondadori$9(OLS)http://semarc/publisher/30147